[Event "36th ECC Open 2021"]
[Site "Struga MKD"]
[Date "2021.09.21"]
[Round "4.16"]
[Board "6"]
[White "Reichardt, Thomas"]
[Black "Asllani, Ibrahim"]
[Result "0-1"]
[WhiteElo "1793"]
[BlackElo "2038"]
[WhiteTeam "En Passant"]
[BlackTeam "Dardania"]
[WhiteFideId "1046586"]
[BlackFideId "4701674"]
[EventDate "2021.09.18"]
[EventType "team"]

1. e4 c5 2. Nf3 d6 3. d4 cxd4 4. Nxd4 Nf6 5. Nc3 a6 6. Bc4 Qc7 7. Bb3 e6 8. O-O
Be7 9. f3 O-O 10. Be3 Nc6 11. Qe2 b5 12. Nxc6 Qxc6 13. Rad1 Bb7 14. a3 Rac8 15.
Rfe1 Nd7 16. Bd4 Rfd8 17. Qf2 Ne5 18. f4 Nc4 19. Qg3 Bf8 20. f5 e5 21. Be3 Nxb2
22. Nd5 Kh8 23. Rb1 Nc4 24. Qh4 f6 25. g4 Qe8 26. Nb6 d5 27. Nxc8 Nxe3 28. Rxe3
Bc5 29. Re1 Rxc8 30. Kf1 Bxe3 31. Rxe3 h6 32. exd5 Qe7 33. Qh5 Qxa3 34. Qf7 Qc1+
35. Kf2 Rxc2+ 36. Bxc2 Qxc2+ 37. Ke1 Qb1+ 38. Kd2 Qa2+ 39. Ke1 Bxd5 40. Qe8+ Kh7
41. Qg6+ Kh8 42. Qe8+ Bg8 43. Rc3 Qxh2 44. Rc8 Qa2 45. Qe6 Kh7 46. Qxa2 Bxa2 47.
Ra8 Bd5 48. Rxa6 Bf3 49. Ra5 Bxg4 50. Rxb5 Bxf5 51. Kf2 g5 52. Kg3 h5 53. Rb6
Kg6 54. Kf3 g4+ 55. Kg3 Kg5 56. Rd6 h4+ 57. Kg2 Be4+ 58. Kg1 g3 59. Rd8 h3 0-1

[Event "36th ECC Open 2021"]
[Site "Struga MKD"]
[Date "2021.09.21"]
[Round "4.17"]
[Board "3"]
[White "Thorhallsson, Simon"]
[Black "Miljkovic, Mihajlo"]
[Result "0-1"]
[WhiteElo "2237"]
[BlackElo "2217"]
[WhiteTeam "Viking  Chess Club"]
[BlackTeam "Gostivar"]
[WhiteFideId "2310090"]
[BlackFideId "922757"]
[EventDate "2021.09.18"]
[EventType "team"]

1. e4 c5 2. Nf3 Nc6 3. d4 cxd4 4. Nxd4 Qc7 5. Nc3 e6 6. Be3 a6 7. g4 b5 8. Nxc6
dxc6 9. f4 Bb7 10. Bg2 c5 11. Qe2 b4 12. Na4 Nf6 13. e5 Bxg2 14. Qxg2 Nd5 15. c4
bxc3 16. Nxc3 Rd8 17. Nxd5 Rxd5 18. O-O Be7 19. Rac1 O-O 20. Qe4 Rc8 21. Rc4 Qb8
22. Qc2 Rcd8 23. b3 g6 24. Qf2 Qb7 25. Qf3 Qd7 26. Rc2 Bf8 27. Rcf2 Rd3 28. Rc2
a5 29. Qe4 a4 30. bxa4 Ra3 31. Rd2 Qc7 32. f5 Rxd2 33. Bxd2 Qd7 34. fxg6 hxg6
35. Bg5 Rxa4 36. Qf3 Bg7 37. Rd1 Rd4 38. Rf1 Bxe5 39. Qa8+ Kg7 40. Qf3 f5 41.
gxf5 gxf5 42. Be3 Rg4+ 43. Kh1 Bd4 44. h3 Rg6 45. Rb1 Kf6 46. Rb7 Qd6 47. Bf4
Be5 48. Be3 Rg3 49. Qh5 Qd5+ 0-1

[Event "36th ECC Open 2021"]
[Site "Struga MKD"]
[Date "2021.09.21"]
[Round "4.17"]
[Board "4"]
[White "Dinev, Dejan"]
[Black "Bjornsson, Tomas"]
[Result "0-1"]
[WhiteTitle "FM"]
[BlackTitle "FM"]
[WhiteElo "2204"]
[BlackElo "2175"]
[WhiteTeam "Gostivar"]
[BlackTeam "Viking  Chess Club"]
[WhiteFideId "15000095"]
[BlackFideId "2300303"]
[EventDate "2021.09.18"]
[EventType "team"]

1. d4 Nf6 2. Nf3 g6 3. g3 Bg7 4. Bg2 O-O 5. O-O d5 6. c4 dxc4 7. Na3 c6 8. Nxc4
Be6 9. Nce5 Bd5 10. b3 Nbd7 11. Nd3 Nb6 12. Bb2 a5 13. Nc5 Qc7 14. Qc2 Bxf3 15.
Bxf3 Nfd7 16. a3 Nxc5 17. Qxc5 e6 18. Rfd1 Nd7 19. Qc2 Qb6 20. e3 Rfd8 21. Rab1
Rac8 22. Bc3 Qc7 23. Qd2 b6 24. Rdc1 Qd6 25. b4 axb4 26. Bxb4 c5 27. Bc3 cxd4
28. exd4 Qxa3 29. Bb7 Rc7 30. Ra1 Qd6 31. Ra8 Rxa8 32. Bxa8 Bxd4 33. Kg2 Be5 34.
Qxd6 Bxd6 35. Rd1 Rxc3 36. Rxd6 Rc7 37. Bc6 Nf6 38. Bf3 Nd7 39. Bc6 Nc5 40. Bf3
Na4 41. h4 h5 42. Rd8+ Kg7 43. Ra8 Nc3 44. Ra6 b5 45. Rb6 Rc5 46. Rb7 e5 47. Kh2
e4 48. Bg2 Rd5 0-1

[Event "36th ECC Open 2021"]
[Site "Struga MKD"]
[Date "2021.09.21"]
[Round "4.17"]
[Board "5"]
[White "Petursson, Gudni"]
[Black "Miftari, Hedon"]
[Result "1/2-1/2"]
[WhiteElo "2016"]
[BlackElo "2002"]
[WhiteTeam "Viking  Chess Club"]
[BlackTeam "Gostivar"]
[WhiteFideId "2301725"]
[BlackFideId "15007065"]
[EventDate "2021.09.18"]
[EventType "team"]

1. d4 Nf6 2. c4 e6 3. g3 d5 4. Bg2 Be7 5. Nf3 O-O 6. O-O dxc4 7. Qc2 a6 8. Qxc4
b5 9. Qc2 Bb7 10. Nbd2 Nc6 11. Nb3 Nb4 12. Qd1 Be4 13. Ne1 c5 14. Bxe4 Nxe4 15.
a3 Nc6 16. Nf3 Nxd4 17. Nbxd4 cxd4 18. Nxd4 Bc5 19. Be3 Qd5 20. f3 Nf6 21. b4
Bb6 22. Nc2 Bxe3+ 23. Nxe3 Qxd1 24. Rfxd1 Rfd8 25. Kf2 Kf8 26. Ke1 Ke7 27. Rxd8
Rxd8 28. Rc1 Kd7 29. Rd1+ Ke7 1/2-1/2

[Event "36th ECC Open 2021"]
[Site "Struga MKD"]
[Date "2021.09.21"]
[Round "4.17"]
[Board "6"]
[White "Vladimirov, Vladimir MKD"]
[Black "Runarsson, Gunnar"]
[Result "1/2-1/2"]
[WhiteElo "2169"]
[BlackElo "1944"]
[WhiteTeam "Gostivar"]
[BlackTeam "Viking  Chess Club"]
[WhiteFideId "15001040"]
[BlackFideId "2301768"]
[EventDate "2021.09.18"]
[EventType "team"]

1. g3 Nf6 2. Bg2 g6 3. Nf3 Bg7 4. O-O d6 5. c4 c5 6. Nc3 Nc6 7. a3 O-O 8. Rb1 e5
9. b4 Bf5 10. d3 Qd7 11. Ng5 Rac8 12. Be3 b6 13. Nge4 Bh3 14. Nxf6+ Bxf6 15. Nd5
Bd8 16. Bh6 Bxg2 17. Kxg2 Re8 18. e4 Qe6 19. Qd2 Ne7 20. f4 Nxd5 21. cxd5 Qd7
22. f5 f6 23. Qe2 cxb4 24. axb4 Be7 25. g4 Bf8 26. Be3 g5 27. h4 h6 28. Qd2 Rc7
29. Rbc1 Rec8 30. hxg5 hxg5 1/2-1/2

[Event "36th ECC Open 2021"]
[Site "Struga MKD"]
[Date "2021.09.21"]
[Round "4.18"]
[Board "1"]
[White "Noe, Christopher"]
[Black "Sorensen, Hampus"]
[Result "1-0"]
[WhiteTitle "IM"]
[BlackTitle "FM"]
[WhiteElo "2518"]
[BlackElo "2383"]
[WhiteTeam "De Sprenger Echternach"]
[BlackTeam "Team Pelaro Alingsas"]
[WhiteFideId "24692018"]
[BlackFideId "8703884"]
[EventDate "2021.09.18"]
[EventType "team"]

1. d4 d5 2. c4 e6 3. Nf3 a6 4. cxd5 exd5 5. Nc3 Nf6 6. Qb3 h6 7. Bf4 Bd6 8. Bxd6
Qxd6 9. e3 O-O 10. Bd3 c6 11. Na4 Nbd7 12. Rc1 Qe7 13. O-O Ne8 14. Qc2 Nd6 15.
b4 Qf6 16. Nc5 h5 17. Rfe1 Re8 18. e4 dxe4 19. Nxe4 Nxe4 20. Bxe4 g6 21. d5 cxd5
22. Bxd5 Rxe1+ 23. Rxe1 Kg7 24. Qc7 Qb6 25. Qf4 Qf6 26. Qe4 a5 27. h4 Nb6 28.
Bxf7 Bf5 29. Qxb7 Kh8 30. bxa5 Rxa5 31. Re8+ Kg7 32. Be6+ Kh6 33. Qxb6 1-0

[Event "36th ECC Open 2021"]
[Site "Struga MKD"]
[Date "2021.09.21"]
[Round "4.18"]
[Board "2"]
[White "Andreasson, Ingvar"]
[Black "Hammes, Michael"]
[Result "0-1"]
[BlackTitle "IM"]
[WhiteElo "2331"]
[BlackElo "2345"]
[WhiteTeam "Team Pelaro Alingsas"]
[BlackTeam "De Sprenger Echternach"]
[WhiteFideId "1700294"]
[BlackFideId "4619358"]
[EventDate "2021.09.18"]
[EventType "team"]

1. Nf3 d5 2. b3 c5 3. e3 a6 4. c4 d4 5. exd4 cxd4 6. g3 Nc6 7. d3 e5 8. a3 Bd6
9. Bg2 h6 10. O-O Nf6 11. Re1 O-O 12. b4 Re8 13. Ra2 Re7 14. Rae2 Qe8 15. Bb2
Bf5 16. Nh4 Bg4 17. Nf3 Qd7 18. Nbd2 Rae8 19. c5 Bc7 20. Qb3 Be6 21. Nc4 Bd5 22.
Nfd2 Bxg2 23. Kxg2 Nh7 24. Nb6 Bxb6 25. cxb6 Kh8 26. a4 f5 27. b5 axb5 28. axb5
Nd8 29. Nf3 Nf7 30. Ba3 Re6 31. Bc5 Nhg5 32. Nh4 Rc8 33. f4 Rxc5 34. fxg5 hxg5
35. Nxf5 Rxb6 36. Nxd4 Qd5+ 37. Qxd5 Rxd5 38. Nf3 Rbxb5 39. d4 exd4 40. Re7 Nh6
41. Ne5 d3 42. Ng6+ Kh7 43. Nf8+ Kg8 44. Re8 Rb2+ 45. Kg1 Rc2 0-1

[Event "36th ECC Open 2021"]
[Site "Struga MKD"]
[Date "2021.09.21"]
[Round "4.18"]
[Board "3"]
[White "Gibicar, Danijel"]
[Black "Agrest, Inna"]
[Result "1/2-1/2"]
[WhiteTitle "FM"]
[BlackTitle "WIM"]
[WhiteElo "2271"]
[BlackElo "2256"]
[WhiteTeam "De Sprenger Echternach"]
[BlackTeam "Team Pelaro Alingsas"]
[WhiteFideId "24660256"]
[BlackFideId "1708830"]
[EventDate "2021.09.18"]
[EventType "team"]

1. e4 e5 2. Nf3 Nc6 3. Bb5 a6 4. Ba4 Nf6 5. d4 exd4 6. O-O Be7 7. Re1 O-O 8. e5
Ne8 9. c3 d5 10. cxd4 b5 11. Bb3 Be6 12. Nc3 g6 13. Bh6 Ng7 14. Qd2 b4 15. Na4
Bg4 16. Rac1 Bxf3 17. Bxg7 Kxg7 18. gxf3 Qd7 19. Nc5 Bxc5 20. Rxc5 Ne7 21. Qf4
Qf5 22. Qh4 Qe6 23. Rxc7 Nf5 24. Qf4 Rac8 25. Rec1 Rxc7 26. Rxc7 Rd8 27. Bc2 Rc8
28. Bxf5 gxf5 29. Qg5+ Kf8 30. Qc1 Rxc7 31. Qxc7 Kg7 32. Qc5 f4 33. Qxb4 Qf5 34.
h4 1/2-1/2

[Event "36th ECC Open 2021"]
[Site "Struga MKD"]
[Date "2021.09.21"]
[Round "4.18"]
[Board "4"]
[White "Rasti, Arvin"]
[Black "Gnichtel, Gerd"]
[Result "0-1"]
[WhiteElo "2219"]
[BlackElo "2136"]
[WhiteTeam "Team Pelaro Alingsas"]
[BlackTeam "De Sprenger Echternach"]
[WhiteFideId "1741160"]
[BlackFideId "4637127"]
[EventDate "2021.09.18"]
[EventType "team"]

1. d4 Nf6 2. c4 g6 3. Nf3 Bg7 4. g3 d6 5. Bg2 O-O 6. O-O Nc6 7. Nc3 a6 8. d5 Na5
9. Nd2 c5 10. Qc2 Rb8 11. b3 b5 12. Rb1 bxc4 13. bxc4 Rxb1 14. Ncxb1 Qb6 15. Nc3
Bd7 16. Bb2 Rb8 17. Rb1 Qc7 18. h3 Rb4 19. a3 Rb7 20. Ba1 Qb8 21. Rxb7 Qxb7 22.
Nd1 Qb6 23. Bc3 Ne8 24. Bxg7 Kxg7 25. e4 e5 26. dxe6 Bxe6 27. Qc3+ Kg8 28. Ne3
Nc6 29. f4 Qa5 30. Qd3 Nd4 31. Kh2 Qa4 32. e5 dxe5 33. fxe5 Kg7 34. Ne4 Qa5 35.
Nd5 Bf5 36. Qe3 Bxe4 37. Bxe4 Qd8 38. h4 f6 39. h5 fxe5 40. h6+ Kg8 41. Bg2 Nf6
42. Kg1 Qd6 43. Be4 Nxe4 44. Qxe4 Nf5 45. g4 Nxh6 46. g5 Nf7 47. Nf6+ Kh8 48.
Qa8+ Qd8 49. Qb7 Nxg5 50. Nd5 Ne4 51. Qb2 Qg5+ 52. Kf1 Nd2+ 53. Kf2 Nxc4 54.
Qb8+ Kg7 55. Qc7+ Kh6 56. Qxc5 Qd2+ 57. Kf1 Qd1+ 58. Kg2 Qxd5+ 0-1

[Event "36th ECC Open 2021"]
[Site "Struga MKD"]
[Date "2021.09.21"]
[Round "4.18"]
[Board "5"]
[White "Schwab, Patrick"]
[Black "Wengholm, Anders"]
[Result "0-1"]
[WhiteElo "1848"]
[BlackElo "2198"]
[WhiteTeam "De Sprenger Echternach"]
[BlackTeam "Team Pelaro Alingsas"]
[WhiteFideId "4002490"]
[BlackFideId "1704818"]
[EventDate "2021.09.18"]
[EventType "team"]

1. d4 Nf6 2. Nf3 g6 3. Nbd2 Bg7 4. e4 d6 5. Bd3 O-O 6. O-O Nc6 7. c3 a6 8. a4 e5
9. d5 Ne7 10. Nc4 Nh5 11. Ne1 Nf4 12. Bc2 f5 13. f3 Qe8 14. Be3 Bd7 15. Bf2 Nh5
16. g3 Nf6 17. Nd2 fxe4 18. fxe4 Ng4 19. Qe2 Bh6 20. Ng2 Nxf2 21. Rxf2 Rxf2 22.
Qxf2 Kg7 23. b3 Ng8 24. Rf1 Qe7 25. Bd3 Nf6 26. Nc4 b5 27. axb5 axb5 28. Nce3 c5
29. dxc6 Bxc6 30. Nd5 Nxd5 31. exd5 Bxd5 32. Bxb5 Bxb3 33. Qb2 Qa7+ 34. Kh1 Qa2
35. Qxa2 Rxa2 0-1

[Event "36th ECC Open 2021"]
[Site "Struga MKD"]
[Date "2021.09.21"]
[Round "4.18"]
[Board "6"]
[White "Johansson, Eva"]
[Black "Densing, Gerd"]
[Result "1/2-1/2"]
[WhiteElo "1847"]
[BlackElo "1762"]
[WhiteTeam "Team Pelaro Alingsas"]
[BlackTeam "De Sprenger Echternach"]
[WhiteFideId "1724584"]
[BlackFideId "24621013"]
[EventDate "2021.09.18"]
[EventType "team"]

1. d4 Nf6 2. Nf3 e6 3. c4 b6 4. g3 Bb7 5. Bg2 Bb4+ 6. Bd2 Bxd2+ 7. Nbxd2 Ne4 8.
O-O Nxd2 9. Qxd2 d6 10. Rfd1 Nd7 11. Qc2 O-O 12. Ng5 Qxg5 13. Bxb7 Rab8 14. Bg2
a5 15. a3 e5 16. Qa4 Qe7 17. e3 Rfd8 18. Rac1 e4 19. Qc6 Nf6 20. b4 Ra8 21. Ra1
Ra7 22. h3 Rda8 23. b5 Rd8 24. f3 d5 25. cxd5 exf3 26. Bxf3 Qxe3+ 27. Kg2 Rd6
28. Qc4 h5 29. Re1 Qg5 30. Re5 Qd2+ 31. Re2 Qg5 1/2-1/2

[Event "36th ECC Open 2021"]
[Site "Struga MKD"]
[Date "2021.09.21"]
[Round "4.19"]
[Board "1"]
[White "Vogel, Constantin"]
[Black "Cumming, Rhys"]
[Result "1-0"]
[BlackTitle "FM"]
[WhiteElo "2149"]
[BlackElo "2361"]
[WhiteTeam "St Benildus"]
[BlackTeam "Sussex Martlets"]
[WhiteFideId "12960071"]
[BlackFideId "470163"]
[EventDate "2021.09.18"]
[EventType "team"]

1. c4 e5 2. g3 c6 3. d4 e4 4. Bg2 d5 5. Nc3 Nf6 6. cxd5 cxd5 7. Bg5 Nbd7 8. Nh3
h6 9. Bxf6 Nxf6 10. Qb3 g5 11. O-O Bg7 12. f3 O-O 13. Rad1 exf3 14. exf3 Bf5 15.
f4 g4 16. Nf2 Qd7 17. Rfe1 Rad8 18. Re5 Be6 19. Qc2 Ne4 20. Nfxe4 dxe4 21. d5
Bxe5 22. fxe5 Bf5 23. Bxe4 Bxe4 24. Qxe4 f5 25. Qe3 Qc7 26. d6 Qb6 27. Qxb6 axb6
28. e6 Rfe8 29. e7 Rd7 30. Rd5 Kg7 31. Na4 Kf6 32. Nxb6 Ke6 33. Nxd7 Kxd7 34.
Kf2 Ra8 35. a3 b5 36. Ke3 b4 37. axb4 Ra1 38. Re5 Re1+ 39. Kd4 Rd1+ 40. Kc5 Rc1+
41. Kb5 Rc8 42. e8=Q+ Rxe8 43. Rxe8 Kxe8 44. Kc6 Kd8 45. b5 1-0

[Event "36th ECC Open 2021"]
[Site "Struga MKD"]
[Date "2021.09.21"]
[Round "4.19"]
[Board "2"]
[White "Willson, Ollie"]
[Black "Putar, Leon"]
[Result "1-0"]
[WhiteElo "2082"]
[BlackElo "1918"]
[WhiteTeam "Sussex Martlets"]
[BlackTeam "St Benildus"]
[WhiteFideId "424714"]
[BlackFideId "14546612"]
[EventDate "2021.09.18"]
[EventType "team"]

1. d4 Nf6 2. c4 g6 3. Nf3 Bg7 4. Nc3 d5 5. h4 c5 6. dxc5 Na6 7. cxd5 Nxc5 8. e4
Bg4 9. Bb5+ Nfd7 10. O-O O-O 11. Re1 Rc8 12. Be2 Bxc3 13. bxc3 Nxe4 14. Qd4 Ndf6
15. c4 Nd6 16. Bd3 Bxf3 17. gxf3 Qd7 18. Bb2 Rfe8 19. Kg2 Nf5 20. Bxf5 Qxf5 21.
Re5 Qd7 22. c5 b6 23. c6 Qd6 24. Rae1 Rc7 25. R1e3 b5 26. Ba3 Qd8 27. Rxe7 Rexe7
28. Rxe7 Ne8 29. Qe5 Rxe7 30. Qxe7 Qxe7 31. Bxe7 f5 32. d6 Kf7 33. c7 Nxc7 34.
dxc7 Kxe7 35. c8=Q a5 36. Kg3 Kf6 37. Kf4 h6 38. Qc6+ Kg7 39. Ke5 h5 1-0

[Event "36th ECC Open 2021"]
[Site "Struga MKD"]
[Date "2021.09.21"]
[Round "4.19"]
[Board "3"]
[White "Putar, Lara"]
[Black "Payne, Matthew J"]
[Result "0-1"]
[WhiteElo "1930"]
[BlackElo "2150"]
[WhiteTeam "St Benildus"]
[BlackTeam "Sussex Martlets"]
[WhiteFideId "14546604"]
[BlackFideId "417084"]
[EventDate "2021.09.18"]
[EventType "team"]

1. d4 Nf6 2. c4 g6 3. Nf3 Bg7 4. g3 O-O 5. Bg2 d6 6. O-O Nc6 7. Nc3 a6 8. e4 Bg4
9. h3 Bxf3 10. Bxf3 e5 11. d5 Nd4 12. Bg2 c5 13. Bg5 h6 14. Bxf6 Bxf6 15. f4 b5
16. Qd2 bxc4 17. Nd1 exf4 18. gxf4 Rb8 19. Rb1 Rb4 20. a3 Rb3 21. Ne3 Rd3 22.
Qe1 Bh4 23. Rf2 Bg3 24. Nxc4 Rf3 25. Bxf3 Nxf3+ 26. Rxf3 Bxe1 27. Rxe1 Re8 28.
Ree3 f5 29. e5 dxe5 30. Nxe5 Qxd5 31. Ng4 Rxe3 32. Nf6+ Kf7 33. Nxd5 Rxf3 34. b4
c4 35. Kg2 Rd3 36. Nb6 c3 37. Nc4 Ke6 38. Na5 c2 0-1

[Event "36th ECC Open 2021"]
[Site "Struga MKD"]
[Date "2021.09.21"]
[Round "4.19"]
[Board "4"]
[White "Bucher, Grant W"]
[Black "Healy, John"]
[Result "1-0"]
[WhiteElo "2114"]
[BlackElo "1889"]
[WhiteTeam "Sussex Martlets"]
[BlackTeam "St Benildus"]
[WhiteFideId "413810"]
[BlackFideId "2500965"]
[EventDate "2021.09.18"]
[EventType "team"]

1. e4 c5 2. Nf3 a6 3. c3 d5 4. exd5 Qxd5 5. d4 e6 6. Be3 cxd4 7. cxd4 Nf6 8. Nc3
Qd6 9. Bd3 Nc6 10. a3 Be7 11. O-O O-O 12. Rc1 b5 13. Ne4 Nxe4 14. Bxe4 Bb7 15.
Ne5 Rac8 16. Bf4 Nxe5 17. Rxc8 Bxc8 18. Bxe5 Qd8 19. Qd3 h6 20. Qg3 Bf6 21. Rc1
Bxe5 22. Qxe5 Qg5 23. f4 Qxe5 24. dxe5 g5 25. Kf2 Kg7 26. Ke3 f5 27. Bf3 gxf4+
28. Kxf4 Kg6 29. h4 h5 30. Rd1 Rf7 31. Rd6 Rc7 32. Rc6 Rxc6 33. Bxc6 Kh6 34. Ke3
Kg6 35. Kd4 Kh6 36. Kc5 Kg6 37. Kb6 f4 38. Be4+ 1-0

[Event "36th ECC Open 2021"]
[Site "Struga MKD"]
[Date "2021.09.21"]
[Round "4.19"]
[Board "5"]
[White "Cooney, Brendan"]
[Black "Grant, David J"]
[Result "0-1"]
[WhiteElo "1818"]
[BlackElo "2074"]
[WhiteTeam "St Benildus"]
[BlackTeam "Sussex Martlets"]
[WhiteFideId "2508702"]
[BlackFideId "403717"]
[EventDate "2021.09.18"]
[EventType "team"]

1. e4 c5 2. Nc3 Nc6 3. f4 g6 4. Nf3 Bg7 5. Bb5 Nd4 6. O-O a6 7. Bd3 d6 8. Nxd4
cxd4 9. Ne2 Nf6 10. Kh1 O-O 11. b4 e5 12. Bb2 b5 13. c3 Bb7 14. Ng3 h5 15. cxd4
h4 16. Ne2 Nxe4 17. h3 exf4 18. Bxe4 Bxe4 19. Rxf4 Re8 20. d3 Bb7 21. Qf1 f5 22.
Ng1 Qg5 23. Qf2 Bxg2+ 24. Kh2 Bb7 25. Rf1 Rac8 26. Rxh4 Re7 27. Qg3 Rc2+ 28. Rf2
Qxg3+ 29. Kxg3 Re3+ 30. Rf3 Bxf3 31. Nxf3 Rxb2 32. Kf4 Rxd3 33. a3 Rf2 0-1

[Event "36th ECC Open 2021"]
[Site "Struga MKD"]
[Date "2021.09.21"]
[Round "4.19"]
[Board "6"]
[White "Blake, J Morgan"]
[Black "Putar, Slavko"]
[Result "1-0"]
[WhiteElo "2006"]
[BlackElo "1676"]
[WhiteTeam "Sussex Martlets"]
[BlackTeam "St Benildus"]
[WhiteFideId "423394"]
[BlackFideId "14557517"]
[EventDate "2021.09.18"]
[EventType "team"]

1. e4 e6 2. d4 d5 3. Nd2 Nf6 4. e5 Nfd7 5. Bd3 c5 6. c3 Nc6 7. Ne2 cxd4 8. cxd4
f6 9. Nf4 Nb6 10. Qh5+ Kd7 11. Ng6 hxg6 12. Qxh8 Nxd4 13. O-O fxe5 14. Nb3 Qf6
15. Nxd4 exd4 16. Bb5+ Ke7 17. h4 Kf7 18. Bg5 Qf5 19. Rac1 Bd7 20. Rc7 e5 21.
Bxd7 Nxd7 22. h5 Ke8 23. h6 gxh6 24. Bxh6 Ke7 25. Qh7+ Kd6 26. Rfc1 Bxh6 27.
Qxh6 Rf8 28. Qd2 d3 29. Rxb7 Nc5 30. Rxa7 e4 31. Rxc5 Kxc5 32. Qc3+ Kd6 33. Qc7+ 1-0

[Event "36th ECC Open 2021"]
[Site "Struga MKD"]
[Date "2021.09.22"]
[Round "5.1"]
[Board "1"]
[White "Harikrishna, Pentala"]
[Black "Svidler, Peter"]
[Result "1-0"]
[WhiteTitle "GM"]
[BlackTitle "GM"]
[WhiteElo "2725"]
[BlackElo "2701"]
[WhiteTeam "AVE Novy Bor"]
[BlackTeam "Mednyi Vsadnik"]
[WhiteFideId "5007003"]
[BlackFideId "4102142"]
[EventDate "2021.09.18"]
[EventType "team"]

1. e4 e5 2. Nf3 Nc6 3. Bb5 a6 4. Ba4 Nf6 5. O-O Be7 6. d3 b5 7. Bb3 d6 8. c3 O-O
9. h3 Na5 10. Bc2 c5 11. d4 Nd7 12. Nbd2 Rb8 13. d5 Nb6 14. Re1 f5 15. exf5 Bxf5
16. Bxf5 Rxf5 17. Ne4 Qd7 18. b3 Rbf8 19. Nh2 c4 20. Be3 Bd8 21. Re2 Nb7 22. Nf1
Qc8 23. Rb2 R5f7 24. Nfg3 h6 25. Rd2 Nd7 26. Qg4 Kh7 27. Qe6 Bh4 28. Nf1 cxb3
29. axb3 Nf6 30. Nxf6+ Bxf6 31. Rxa6 Qxc3 32. Qf5+ Kg8 33. Qc2 Qb4 34. Ng3 Na5
35. Qe4 Qc3 36. Qd3 Qb4 37. Ne4 Be7 38. Rd1 Nb7 39. Rb6 Bd8 40. Rxb5 Qa3 41. Qc3
Qa2 42. Ra1 Qe2 43. Qc4 1-0

[Event "36th ECC Open 2021"]
[Site "Struga MKD"]
[Date "2021.09.22"]
[Round "5.1"]
[Board "2"]
[White "Esipenko, Andrey"]
[Black "Wojtaszek, Radoslaw"]
[Result "1/2-1/2"]
[WhiteTitle "GM"]
[BlackTitle "GM"]
[WhiteElo "2720"]
[BlackElo "2698"]
[WhiteTeam "Mednyi Vsadnik"]
[BlackTeam "AVE Novy Bor"]
[WhiteFideId "24175439"]
[BlackFideId "1118358"]
[EventDate "2021.09.18"]
[EventType "team"]

1. e4 c5 2. Nc3 d6 3. Nge2 Nf6 4. h3 Nc6 5. d4 cxd4 6. Nxd4 e5 7. Nxc6 bxc6 8.
Bc4 Be7 9. O-O O-O 10. Qe2 Nd7 11. Rd1 Nb6 12. Bb3 a5 13. Na4 Nxa4 14. Bxa4 Qc7
15. Be3 Be6 16. Bb3 Qc8 17. Rd2 a4 18. Bxe6 Qxe6 19. c4 Rfb8 20. Qd3 h6 21. Rb1
Rb4 22. Rc2 Bg5 23. Bxg5 hxg5 24. Rd1 Rab8 25. Qxd6 Qxd6 26. Rxd6 Rxb2 27. Rxb2
Rxb2 28. Rxc6 Rxa2 29. Rc8+ Kh7 30. Ra8 a3 31. c5 Rc2 32. Rxa3 Rxc5 1/2-1/2

[Event "36th ECC Open 2021"]
[Site "Struga MKD"]
[Date "2021.09.22"]
[Round "5.1"]
[Board "5"]
[White "Anton Guijarro, David"]
[Black "Matlakov, Maxim"]
[Result "1/2-1/2"]
[WhiteTitle "GM"]
[BlackTitle "GM"]
[WhiteElo "2651"]
[BlackElo "2683"]
[WhiteTeam "AVE Novy Bor"]
[BlackTeam "Mednyi Vsadnik"]
[WhiteFideId "2285525"]
[BlackFideId "4168003"]
[EventDate "2021.09.18"]
[EventType "team"]

1. e4 e5 2. Nf3 Nc6 3. Bc4 Nf6 4. d3 Bc5 5. c3 d6 6. Bg5 h6 7. Bh4 a6 8. Nbd2
Ba7 9. O-O Qe7 10. Kh1 Be6 11. a4 Bxc4 12. Nxc4 Qe6 13. Bxf6 Qxf6 14. b4 O-O 15.
b5 Nd8 16. g3 Ne6 17. Kg2 Bc5 18. Qd2 axb5 19. axb5 c6 20. bxc6 bxc6 21. Ne3 Ng5
22. Nf5 Nxf3 23. Kxf3 d5 24. Kg2 h5 25. Nh4 dxe4 26. dxe4 g6 27. Nf3 Kg7 28. Qe2
Qe6 29. Rfb1 Rfb8 30. Ng5 Qg4 31. Nf3 Qe6 32. Ng5 Qg4 33. Nf3 1/2-1/2

[Event "36th ECC Open 2021"]
[Site "Struga MKD"]
[Date "2021.09.22"]
[Round "5.1"]
[Board "6"]
[White "Ponkratov, Pavel"]
[Black "Sasikiran, Krishnan"]
[Result "1-0"]
[WhiteTitle "GM"]
[BlackTitle "GM"]
[WhiteElo "2657"]
[BlackElo "2647"]
[WhiteTeam "Mednyi Vsadnik"]
[BlackTeam "AVE Novy Bor"]
[WhiteFideId "4157800"]
[BlackFideId "5004985"]
[EventDate "2021.09.18"]
[EventType "team"]

1. e4 e5 2. Nf3 Nc6 3. d4 exd4 4. Bc4 Nf6 5. e5 d5 6. Bb5 Ne4 7. Nxd4 Bd7 8.
Bxc6 bxc6 9. O-O Bc5 10. f3 Ng5 11. Kh1 O-O 12. Nc3 Ne6 13. Nb3 Bb6 14. f4 f5
15. Ne2 Qe8 16. a4 a5 17. c4 dxc4 18. Nd2 Nc5 19. Nxc4 Be6 20. Qc2 Qf7 21. Nxb6
cxb6 22. Be3 Bb3 23. Qc1 Bc4 24. Bxc5 bxc5 25. Rf2 Rab8 26. Ng3 Rb4 27. Qe3 Qe7
28. Rc1 Bd5 29. Rxc5 Rxa4 30. h3 g6 31. Rcc2 Rb8 32. Ne2 Re4 33. Qg3 Qa7 34. Nc3
Re3 35. Qh4 Bc4 36. Rcd2 Rd3 37. Rxd3 Bxd3 38. Qg3 Bc4 39. Rd2 a4 40. Kh2 a3 41.
bxa3 Qxa3 42. Rd7 Bf7 43. Qe3 Be8 44. Ra7 Qb4 45. Na4 Rb5 46. Ra8 Kf8 47. Qf2 g5
48. fxg5 Qe4 49. Qg3 Qxe5 50. Qxe5 Rxe5 51. Kg3 Kg7 52. Nc3 Bf7 53. Kf4 Rc5 54.
Ne2 Rc4+ 55. Kg3 Kg6 56. h4 Rg4+ 57. Kh3 Bc4 58. Ng3 Be6 59. Rf8 Kg7 60. Rf6 Bd7
61. Nh5+ Kg8 62. Rd6 1-0